1473 1058 1343 1520 1667 1224 1081 1990 1496 1400 1742 1272 1238 1530 1825 1499 1899 1780 1790 1966 1969 1857 1435 1586 1370 1040 1638 1514 1565 1102 1743 1687 1157 1884 1767 1403 1038 1786 1106 1404 1358 1589 1757 1872 1147 1711 1574 1532 1865 1679 1264 1367 1342 1775 1525 1925 1623 1880 1616 1702 1725 1653 1810 1030 1600 1305 1792 1165 1826 1582 1119 1233 1020 1122 1865 1399 1236 1889 1237 1721 1629 1701 1699 1555 1808 1875 1644 1670 1220 1300 1617 1674 1751 1900 1481 1825 1647 1531 1392 BCNSPRNW ULIB Ver.6.0+V

เปลี่ยนเป็นภาษาไทย

Change to English
 แสดงรายละเอียดบรรณานุกรม
  กลับหน้าหลัก

Brief Record : Get Marc (ISO 2709) : E-mail record : QR code < ปิดหน้าต่าง
LEADER : 00000nam 2200000uu 4500
001    13399126340
003     ULIB
008    180910s2560||||th 000 0 tha d
020    ^a9786164260351
050 04 ^aH62.15^bน347ก
100 0  ^aนิทรา กิจธีระวุฒิวงษ์,^eผู้แต่ง
245 10 ^aการวิจัยทางสาธารณสุข :^bจากหลักการสู่การปฏิบัติ /^cนิทรา กิจธีระวุฒิวงษ์
246 31 ^aPublic health research :^bfrom principle to practice
260    ^aพิษณุโลก :^bสำนักพิมพ์มหาวิทยาลัยนเรศวร,^c2560
300    ^a345 หน้า ;^c26 ซม
650  4 ^aสาธารณสุข^xวิจัย
650  4 ^aสาธารณสุขศาสตร์^xวิจัย
945    ^p450^l0^i004553
945    ^p450^l0^i004552
945    ^p450^l0^i004551
999    ^aประนอม เกษจรัล
รายการนี้ยังไม่มีแท็ก
คุณยังไม่ได้ล็อกอิน คุณสามารถมีกิจกรรมร่วมกับเว็บไซต์ได้ แต่ต้องล็อกอินก่อน ::
  ล็อกอิน

รายการสื่อสารสนเทศ

ลำดับที่ ประเภท เลขเรียก/บาร์โค้ด สถานที่ สถานะ
1. การศึกษาทั่วไป
หนังสือสำรอง
สถานะ=หนังสือสำรอง
H62.15 น347ก ฉ.1 
  Barcode: 004551
ห้องสมุดวิทยาเขตสวรรค์ประชารักษ์
►หนังสือทั่วไป
บนชั้น
2. การศึกษาทั่วไป
การศึกษาทั่วไป
H62.15 น347ก ฉ.2 
  Barcode: 004552
ห้องสมุดวิทยาเขตสวรรค์ประชารักษ์
►หนังสือทั่วไป
บนชั้น
3. การศึกษาทั่วไป
การศึกษาทั่วไป
H62.15 น347ก ฉ.3 
  Barcode: 004553
ห้องสมุดวิทยาเขตสวรรค์ประชารักษ์
►หนังสือทั่วไป
บนชั้น

รายการใกล้เคียง
    หัวเรื่อง [สาธารณสุข วิจัย]

BibComment


ยังไม่เคยถูกคอมเมนท์

คอมเมนท์ทรัพยากรรายการนี้
  คอมเมนท์: การวิจัยทางสาธาร..


 Copyright 2026. Bcnsprnw @Library